<?xml version="1.0" encoding="UTF-8"?>
<collection xmlns="http://www.loc.gov/MARC21/slim">
 <record>
  <leader>01629nam a2200205Ia 4500</leader>
  <controlfield tag="001">TDMU_17705</controlfield>
  <controlfield tag="008">210410s9999    xx            000 0 und d</controlfield>
  <datafield tag="082" ind1=" " ind2=" ">
   <subfield code="a">364.40959781</subfield>
  </datafield>
  <datafield tag="090" ind1=" " ind2=" ">
   <subfield code="b">TR561</subfield>
  </datafield>
  <datafield tag="100" ind1=" " ind2=" ">
   <subfield code="a">Trương, Minh Nhàn</subfield>
  </datafield>
  <datafield tag="245" ind1=" " ind2="0">
   <subfield code="a">Đấu tranh phòng chống tội trộm cắp tài sản trên địa bàn TP.Hồ Chí Minh</subfield>
  </datafield>
  <datafield tag="245" ind1=" " ind2="0">
   <subfield code="c">Trương Minh Nhàn; TS. Phạm Quang Phúc (Hướng dẫn)</subfield>
  </datafield>
  <datafield tag="260" ind1=" " ind2=" ">
   <subfield code="a">Tp. Hồ Chí Minh</subfield>
  </datafield>
  <datafield tag="260" ind1=" " ind2=" ">
   <subfield code="c">2009</subfield>
  </datafield>
  <datafield tag="300" ind1=" " ind2=" ">
   <subfield code="a">95tr</subfield>
  </datafield>
  <datafield tag="520" ind1=" " ind2=" ">
   <subfield code="a">Chuyên ngành: Luật hình sự; Mã số 60 38 40; Luận văn Thạc sĩ trường Đại học Luật TP. Hồ Chí Minh, 2009; TM tài liệu tham khảo tr. 92 - tr.95; Gồm 3 chương. Chương 1: nêu tình hình tội trộm cắp tài sản trên địa bàn Tp. Hồ Chí Minh trong những năm qua. Chương 2: Nguyên nhân, điều kiện tội phạm trộm cắp tài sản và công tác đấu tranh phòng chống trên địa bàn thành phố Hồ Chí Minh. Chương 3: Giải pháp nâng cao hiệu qủa đấu tranh phòng chống tội phạm trộm cắp tài sản trên địa bàn Thành phố Hồ Chí Minh trong thời gian tới</subfield>
  </datafield>
  <datafield tag="650" ind1=" " ind2=" ">
   <subfield code="a">Luận văn; Tội phạm</subfield>
   <subfield code="x">Trộm cắp tài sản</subfield>
   <subfield code="x">Phòng chống</subfield>
   <subfield code="z">Thành phố Hồ Chí Minh (Việt Nam)</subfield>
  </datafield>
  <datafield tag="700" ind1=" " ind2=" ">
   <subfield code="a">Phạm, Quang Phúc</subfield>
  </datafield>
  <datafield tag="856" ind1=" " ind2=" ">
   <subfield code="u">http://lrc.tdmu.edu.vn/opac/search/detail.asp?aID=2&amp;ID=17705</subfield>
  </datafield>
  <datafield tag="980" ind1=" " ind2=" ">
   <subfield code="a">Trung tâm Học liệu Trường Đại học Thủ Dầu Một</subfield>
  </datafield>
 </record>
</collection>
